Universities and their role in forming human capital in the knowledge economy dizertačná práca

Salvato in:
Dettagli Bibliografici
Autore principale: Bušíková, Alena, 1982-
Ente Autore: Národohospodárska fakulta EU. Katedra ekonómie
Altri autori: Čaplánová, Anetta, 1967-
Natura: Libro
Lingua:inglese
Pubblicazione: Bratislava 2012
Soggetti:
Tags: Aggiungi Tag
Nessun Tag, puoi essere il primo ad aggiungerne!!

MARC

LEADER 00000nbm a2200000 4500
001 0165298
005 20240109073745.0
041 0 |a eng 
044 |a SK 
245 1 0 |a Universities and their role in forming human capital in the knowledge economy  |b dizertačná práca  |c Alena Bušíková ; školiteľ: Anetta Čaplánová 
264 1 |a Bratislava  |c 2012 
300 |a 131 s. 
610 2 0 |a univerzity 
610 2 0 |a kapitál ľudský 
610 2 0 |a spoločnosť vedomostná 
610 2 0 |a vzdelávanie vysokoškolské 
610 2 0 |a Slovensko 
610 2 0 |a ekonomika vedomostná 
100 1 |a Bušíková, Alena, 1982- 
700 1 |a Čaplánová, Anetta, 1967- 
710 2 |a Národohospodárska fakulta EU. Katedra ekonómie